00417 a2200133 450000500170000002000220001708200120003910000190005124500650007026000310013530000500016670000160021685600510023220250409092203.0 a978-1-85008-363-4 a650 SUT aSUTHERLAND, J. aA2 Essential Business Studies for AQA: Teacher Support Guide aHaddenham,bFolens,c2009. avii, 232p.: ill.; picture, table.c30cm.eCD. aCANWELL, D. yAccess online bookfBusinessdwww.jumpto.co.uk